| 000 | 01152nam a22002897a 4500 | ||
|---|---|---|---|
| 005 | 20120119143523.0 | ||
| 008 | 120119t xxu||||| |||| 00| 0 eng d | ||
| 010 | _aENG-104790 | ||
| 020 |
_a9788132108733 _c495.00 |
||
| 035 | _aEN-88323 | ||
| 037 | _bDBAD/PUB | ||
| 040 |
_aDPL _bEng |
||
| 082 | 0 | 0 | _a658.406 |
| 100 | 1 |
_aCawsey, T. F. _939710 |
|
| 245 | 1 | 0 |
_aOrganizational change : _ban action-oriented toolkit / _cby Tupper F. Cawsey, Gene Deszca [and] Cynthia Ingols |
| 250 | _a2nd ed | ||
| 260 |
_aNew Delhi _bSAGE Publications _c2012 |
||
| 270 |
_aB1/I-1 Mohan Cooperative Industrial Area, Mathura Road _bNew Delhi _e110044 |
||
| 300 |
_axv, 492 p. : _c25cm(pbk) _bill. |
||
| 500 | _aIncludes bibliographical references and index. | ||
| 650 |
_aOrganizational change _939717 |
||
| 700 |
_aDeszca, Gene. _939718 |
||
| 700 |
_aIngols, Cynthia _939719 |
||
| 942 |
_2ddc _cEN _h658.406 _mCAW |
||
| 999 |
_c61213 _d61213 |
||